Pozemní stavitelství I.
Enregistré dans:
| Auteurs principaux: | , |
|---|---|
| Format: | Livre |
| Langue: | tchèque |
| Publié: |
Brno :
Vysoké učení technické v Brně,
1988
|
| Tags: |
Pas de tags, Soyez le premier à ajouter un tag!
|
MARC
| LEADER | 00000nam a22000003a 4500 | ||
|---|---|---|---|
| 001 | stu86705 | ||
| 005 | 20150617225629.5 | ||
| 008 | 040505s1988----cs------------------cze-d | ||
| 040 | |a STU |b slo | ||
| 041 | 0 | |a cze | |
| 044 | |a cs | ||
| 080 | |a 624.9(075.8) | ||
| 100 | 1 | |a Ponča, Oldřich |4 aut | |
| 245 | 1 | |a Pozemní stavitelství I. | |
| 260 | |a Brno : |b Vysoké učení technické v Brně, |c 1988 | ||
| 300 | |a 291 s | ||
| 700 | 1 | |a Sedláčková, Marie |4 aut | |
| 996 | |b 284V030864 |c V*30387/S-89 |l VVT |s A |a 24 |w stu86705_0001 | ||